| 000 | 00491nam a2200181Ia 4500 | ||
|---|---|---|---|
| 003 | OSt | ||
| 005 | 20200708112702.0 | ||
| 008 | 190216s9999||||xx |||||||||||||| ||und|| | ||
| 020 | _a0333977017 | ||
| 040 | _coclc | ||
| 082 |
_a901 _bCAR/W |
||
| 100 |
_aCarr, Edward Hallett _92645 |
||
| 245 | 0 |
_aWhat Is History / _cEdward Hallett Carr |
|
| 260 |
_bPalgrave, _c2001. _aHampshire: |
||
| 300 | _a155p | ||
| 650 | _aHistory | ||
| 942 |
_cBK _2ddc _h901 _iCAR/W _k901 _mCAR/W |
||
| 999 |
_c20940 _d20940 |
||